| 000 | 00670nam a22001937a 4500 | ||
|---|---|---|---|
| 999 |
_c13405 _d13405 |
||
| 008 | 190311b ||||| |||| 00| 0 eng d | ||
| 020 | _a9780801470554 | ||
| 082 |
_22014 _aAV-CD 344.7301 _bG618 |
||
| 100 |
_aGold, Michael Evan. _937482 |
||
| 245 |
_aAn introduction to labor law / _cMichael Evan Gold. |
||
| 250 | _aThird Edition | ||
| 260 |
_bCornell University Press, _c©2014. |
||
| 300 | _a115 pages; | ||
| 500 | _aIncludes index. | ||
| 650 |
_aLabor laws and legislation -- United States. _937483 |
||
| 700 |
_aGold, Michael Evan. _937482 |
||
| 856 | _yhttps://ebookcentral.proquest.com/lib/uniofmindanao-ebooks/detail.action?docID=3138576 | ||
| 942 |
_2ddc _cEB |
||